|
|
|
|
| LEADER |
00000cam a2200000 7i4500 |
| 001 |
0000055844 |
| 005 |
20151130.0 |
| 008 |
151130 |
| 020 |
|
|
|a 1880908867
|
| 020 |
|
|
|a 9781880908860
|
| 090 |
0 |
0 |
|a 387.2044
|b SER
|
| 100 |
1 |
|
|a Server, Lee
|
| 245 |
1 |
0 |
|a The golden age of ocean liners
|c Lee Server
|
| 260 |
|
|
|a New York :
|b Todtri Production ,
|c 1996
|
| 300 |
|
|
|a 80pg. :
|b ill.
|
| 500 |
|
|
|a Includes Index(80pg.)
|
| 999 |
|
|
|a 0000828254
|b Book
|c Adult Collection
|e Cawangan Kota Tinggi
|
| 999 |
|
|
|a 0000828255
|b Book
|c Adult Collection
|e Cawangan Tmn. Ungku Tun Aminah
|
| 999 |
|
|
|a 0000828260
|b Book
|c Adult Collection
|e Cawangan Pontian
|